00474nam a2200169Ia 4500003000900000008004100009040001600050080001800066245009000084250001200174260003500186300001000221650001200231650001900243650002000262700002200282IN-BaIIA211028s9999 xx 000 0 eng d cIIA Library a92(54)bREF-1 0aReference Indiacedited by K. L. Gupta  a2nd ed. aDelhibTradesman and Menc1975 a416p. aGeneral aNASA thesaurus aReference India aGupta, K. L., ed.